000 00587nam a22002057a 4500
999 _c123733
_d123733
005 20181218105548.0
010 _aB-024056
020 _c65.00
_a0876924909
035 _aB-024056
037 _bCen Lib/Ret
082 _a382
_bKIR
100 _aKirpalani, V.H.
245 _aInternational marketing /
_cby V. H. Kirpalani
260 _aNew Delhi
_bPrentice-Hall of India
_c1984
270 _aM-97,Connaught Circus
_bNew Delhi
_e110001
300 _axvii, 590p.
_c22cm(Hb)
650 _aExport marketing
650 _aGlobalization
942 _2ddc
_cEN
_h382
_mKIR